Три билета до Эдвенчер: рисунки Ральфа Томпсона; пер. с англ.

Bibliografiset tiedot
Päätekijä: Даррелл Дж. М. Джеральд Малкольм
Muut tekijät: Смирнов В. (переводчик)
Kieli:venäjä
Julkaistu: Москва, Мысль, 1969
Sarja:Рассказы о природе
Aiheet:
Aineistotyyppi: MixedMaterials Kirja
KOHA link:https://koha.lib.tpu.ru/cgi-bin/koha/opac-detail.pl?biblionumber=323859

MARC

LEADER 00000nam0a2200000 4500
001 323859
005 20231102003618.0
035 |a (RuTPU)RU\TPU\book\349447 
035 |a RU\TPU\book\306950 
090 |a 323859 
100 |a 20161028d1969 m y0rusy50 ca 
101 1 |a rus  |c eng 
102 |a RU 
105 |a a z 000ay 
200 1 |a Три билета до Эдвенчер  |e рисунки Ральфа Томпсона  |e пер. с англ.  |f Дж. М. Даррелл  |g пер. В. Смирнов 
210 |a Москва  |c Мысль  |d 1969 
215 |a 175 с.  |c ил. 
225 1 |a Рассказы о природе 
610 1 |a художественная литература 
610 1 |a английская литература 
610 1 |a рассказы 
610 1 |a животный мир 
610 1 |a животные 
610 1 |a природа 
675 |a 91  |v 3 
700 1 |a Даррелл  |b Дж. М.  |c английский ученый-зоолог  |c писатель-анималист  |f 1925-1995  |g Джеральд Малкольм  |2 stltpush  |3 (RuTPU)RU\TPU\pers\25747  |4 070  |9 11648 
702 1 |a Смирнов  |b В.  |4 730 
801 1 |a RU  |b 63413507  |c 20150204 
801 2 |a RU  |b 63413507  |c 20200831  |g RCR 
942 |c BK